Villes des Équipes de football - Statistiques

Statistiques générales
  • Ce quiz a été pris 26 252 fois
    26 176 depuis la dernière actualisation
  • Le résultat moyen est 18 sur 30
Statistiques - réponses
Hint Réponse % Correct
Juventus Turin
97%
Chelsea Londres
96%
Inter Milan
95%
Ajax Amsterdam
93%
Benfica Lisbonne
92%
Arsenal Londres
88%
Espanyol Barcelone
86%
Celtic Glasgow
82%
Lazio Rome
81%
Tottenham Londres
80%
Boca Juniors Buenos Aires
70%
PSV Eindhoven
70%
Galatasaray Istanbul
70%
Red Star FC Saint-Ouen-sur-Seine
69%
Young Boys Berne
67%
Flamengo Rio de Janeiro
67%
Rangers Glasgow
66%
Everton Liverpool
66%
Feyenoord Rotterdam
57%
Sampdoria Gênes
38%
Aston Villa Birmingham
32%
Real Sociedad Saint-Sébastien
30%
Club America Mexico
27%
Levante Valence
27%
Palmeiras São Paulo
26%
Ferencváros Budapest
25%
Schalke 04 Gelsenkirchen
19%
Peñarol Montevideo
16%
Qarabag Bakou
14%
Cruzeiro Belo Horizonte
9%
Aucun quiz correspondant
Distribution des résultats
% des personnes avec chaque résultat
Percentile par nombre de réponses
Votre historique - résultats
Vous n’avez pas pris ce quiz depuis la dernière actualisation